LEADER 01070cam0-22004091i-450- 001 990000752600403321 005 20051018104248.0 035 $a000075260 035 $aFED01000075260 035 $a(Aleph)000075260FED01 035 $a000075260 100 $a20020821d1982----km-y0itay50------ba 101 0 $aita 102 $aIT 105 $af-------001yy 200 1 $a<>scena urbana$emateriali ed immagini$fMarco Vaudetti 210 $aMilano$cF. Angeli$d1982 215 $a121 p.$cill.$d22 cm 225 1 $aUrbanistica$v4 610 0 $aAmbiente urbano 610 0 $aScena urbana 610 0 $aurbano 610 0 $aArredo 610 0 $aCitta' 676 $a711.4 700 1$aVaudetti,$bMarco$011442 801 0$aIT$bUNINA$gRICA$2UNIMARC 901 $aBK 912 $a990000752600403321 952 $aURB.LE B 300$b13233$fFARBC 952 $aURB.LE B 659$bINV.12988$fFARBC 952 $aURB.LE B 403$b13407$fFARBC 952 $a342002$b3360$fDCATA 959 $aFARBC 959 $aDCATA 996 $aScena urbana$9320798 997 $aUNINA LEADER 01692nam 2200385Ia 450 001 996397631703316 005 20200824132238.0 035 $a(CKB)4940000000059534 035 $a(EEBO)2240940237 035 $a(OCoLC)ocm15597487e 035 $a(OCoLC)15597487 035 $a(EXLCZ)994940000000059534 100 $a19870427d1684 uy | 101 0 $aeng 135 $aurbn||||a|bb| 200 14$aThe English school-master$b[electronic resource] $eteaching all his scholars, of what age soever, the most easie, short, and perfect order of distinct reading and true writing our English tongue that hath ever yet been known or published by any : and further also, teacheth a direct course how any unskilful person may easily both understand any hard English words which they shall in Scriptures, sermons, or else-where hear or read ... /$fdevised for thy sake that wanteth any part of this skill by Edward Coote .. 205 $aPerused and approved by publick authority, and now the 42th time printed$bwith certain copies to write by added at the end of the book. 210 $aDublin $cPrinted by Andrew Crooke ...$d1684 215 $a[10], 77, [1] p 300 $aReproduction of original in the British Library. 330 $aeebo-0018 606 $aReaders (Primary)$vEarly works to 1800 606 $aEnglish language$yEarly modern, 1500-1700 615 0$aReaders (Primary) 615 0$aEnglish language 700 $aCoote$b Edmund$ffl. 1597.$01012997 801 0$bEAE 801 1$bEAE 801 2$bm/c 801 2$bUMI 801 2$bWaOLN 906 $aBOOK 912 $a996397631703316 996 $aThe English school-master$92354066 997 $aUNISA LEADER 02066nas 2200673- 450 001 9910133195203321 005 20240110213020.0 011 $a1579-8623 035 $a(DE-599)ZDB2078520-3 035 $a(OCoLC)679500520 035 $a(CKB)110978977561377 035 $a(CONSER)--2020210670 035 $a(EXLCZ)99110978977561377 100 $a20101107a19799999 --- - 101 0 $aspa 135 $aurbn||||||abp 135 $aurbn||||||ada 181 $ctxt$2rdacontent 182 $cc$2rdamedia 183 $acr$2rdacarrier 200 10$aBoletín económico /$fBanco de España 210 1$aMadrid :$cBanco de España 215 $a1 online resource 311 $a0210-3737 517 1 $aInforme trimestral de la economía española 531 $aBANCO DE ESPANA BOLETIN ECONOMICO 606 $aMoney supply$zSpain$vPeriodicals 606 $aBanking law$zSpain$vPeriodicals 606 $aEconomic indicators$zSpain$vPeriodicals 606 $aIndicateurs économiques$zEspagne$vPériodiques 606 $aBanking law$2fast$3(OCoLC)fst00826811 606 $aEconomic history$2fast$3(OCoLC)fst00901974 606 $aEconomic indicators$2fast$3(OCoLC)fst00901996 606 $aMoney supply$2fast$3(OCoLC)fst01025346 606 $aWeltwirtschaft$2gnd 606 $aZeitschrift$2gnd 606 $aWirtschaftslage$2stw 606 $aSpanien$2stw 607 $aSpain$xEconomic conditions$y1975-$vPeriodicals 607 $aSpain$2fast 608 $aPeriodicals.$2fast 615 0$aMoney supply 615 0$aBanking law 615 0$aEconomic indicators 615 6$aIndicateurs économiques 615 7$aBanking law. 615 7$aEconomic history. 615 7$aEconomic indicators. 615 7$aMoney supply. 615 7$aWeltwirtschaft 615 7$aZeitschrift 615 7$aWirtschaftslage. 615 7$aSpanien. 676 $a330.946/005 712 02$aBanco de España. 906 $aJOURNAL 912 $a9910133195203321 996 $aBoleti?n econo?mico$92049483 997 $aUNINA